LEADER 01143nam0 22003131i 450 001 SUN0006671 005 20050810120000.0 010 $a88-15-01817-4 020 $aIT$b90 4748 100 $a20020821d1988 |0itac50 ba 101 $aita 102 $aIT 105 $a|||| ||||| 200 1 $aˆLa ‰proposta politica di De Gasperi$fPietro Scoppola 205 $a3. ed 210 $aBologna$cIl mulino$d1988 215 $a351 p.$d22 cm. 410 1$1001SUN0004041$12001 $aSaggi$v338$1210 $aBologna$cIl mulino. 606 $aDe_Gasperi, Alcide$2FI$3SUNC004051 620 $dBologna$3SUNL000003 676 $a945.0920924$v21 700 1$aScoppola$b, Pietro$3SUNV005356$0139846 712 $aIl mulino$3SUNV000011$4650 801 $aIT$bSOL$c20181109$gRICA 912 $aSUN0006671 950 $aUFFICIO DI BIBLIOTECA DEL DIPARTIMENTO DI GIURISPRUDENZA$d00 CONS VIII.Eh.229 $e00 20250 995 $aUFFICIO DI BIBLIOTECA DEL DIPARTIMENTO DI GIURISPRUDENZA$h20250$kCONS VIII.Eh.229$op$qa 996 $aProposta politica di De Gasperi$9538513 997 $aUNICAMPANIA LEADER 04127nam 2200613 450 001 9910460879903321 005 20200520144314.0 010 $a1-4625-2256-4 010 $a1-4625-2216-5 035 $a(CKB)3710000000454642 035 $a(EBL)2030072 035 $a(OCoLC)915134651 035 $a(SSID)ssj0001532201 035 $a(PQKBManifestationID)12575704 035 $a(PQKBTitleCode)TC0001532201 035 $a(PQKBWorkID)11473862 035 $a(PQKB)10593486 035 $a(MiAaPQ)EBC2030072 035 $a(Au-PeEL)EBL2030072 035 $a(CaPaEBR)ebr11082346 035 $a(CaONFJC)MIL817690 035 $a(EXLCZ)993710000000454642 100 $a20150804h20152015 uy 0 101 0 $aeng 135 $aur|n|---||||| 181 $ctxt 182 $cc 183 $acr 200 00$aHandbook of infant biopsychosocial development /$fedited by Susan D. Calkins 210 1$aNew York, New York ;$aLondon, England :$cThe Guilford Press,$d2015. 210 4$d©2015 215 $a1 online resource (498 p.) 300 $aDescription based upon print version of record. 311 $a1-4625-2212-2 320 $aIncludes bibliographical references at the end of each chapters and index. 327 $aCover; Half Title Page; Title Page; Copyright; About the Editor; Contributors; Preface; Contents; Part I. Setting the Stage; 1. Introduction to the Volume: Seeing Infant Development through a Biopsychosocial Lens; 2. Gilbert Gottlieb and the Biopsychosocial Perspective on Developmental Issues; Part II. Perceptual and Cognitive Processes; 3. Introduction to Part II: Bringing the Field of Infant Cognition and Perception toward a Biopsychosocial Perspective; 4. A Biopsychosocial Perspective on Looking Behavior in Infancy; 5. Biopsychosocial Perspectives on the Development of Attentionin Infancy 327 $a6. The Development and Brain Mechanisms of Joint Attention7. The Development of Declarative Memory in Infancy and Implications for Social Learning; 8. Infant Word Learning in Biopsychosocial Perspective; Part III. Social and Emotional Processes; 9. Introduction to Part III: Reweaving the Strands-Biology, Behavior, Context; 10. A Psychobiological Perspective on Emotional Development within the Family Context; 11. A Biopsychosocial Framework for Infant Temperament and Socioemotional Development; 12. Genetic Correlates of Early Maternal Caregiving 327 $a13. A Biopsychosocial Perspective on Synchrony and the Development of Human Parental CarePart IV. Adversity and Risk: Implications for Infant Development; 14. Introduction to Part IV: Current Directions in the Study of Risk and Adversity in Infancy; 15. Adversity in Early Social Relationships; 16. The Social Ecology of Infant Sleep: Structural and Qualitative Features of Bedtime and Nighttime Parenting and Infant Sleep in the First Year; 17. Infant Vulnerability to Psychopathology; Part V. The Future of Infancy Research 327 $a18. An Interdisciplinary Biopsychosocial Perspective on Psychological DevelopmentAuthor Index; Subject Index 330 $aThe first two years of life are a period of unparalleled growth and change. Within a state-of-the-art biopsychosocial framework, this innovative volume explores the multiple contexts of infant development--the ways in which genes, neurobiology, behavior, and environment interact and shape each other over time. Methods for disentangling, measuring, and analyzing complex, nonlinear developmental processes are presented. Contributors explore influences on the infant's growth in major domains, including cognitive and socioemotional functioning and mental health. The consequences of family stress, 606 $aInfants$xDevelopment 606 $aInfants$xGrowth 608 $aElectronic books. 615 0$aInfants$xDevelopment. 615 0$aInfants$xGrowth. 676 $a305.232 702 $aCalkins$b Susan D. 801 0$bMiAaPQ 801 1$bMiAaPQ 801 2$bMiAaPQ 906 $aBOOK 912 $a9910460879903321 996 $aHandbook of infant biopsychosocial development$91956688 997 $aUNINA LEADER 00544oam 2200193z- 450 001 9910574871703321 010 $a979-1-280-13618-3 035 $a(CKB)5590000000460961 035 $a(EXLCZ)995590000000460961 100 $a20220622c2020uuuu -u- - 101 0 $aeng 200 10$aArte orale. Poesia, musica, performance 210 $cAccademia University Press 311 $a979-1-280-13634-3 517 $aArte orale 906 $aBOOK 912 $a9910574871703321 996 $aArte orale. Poesia, musica, performance$92879490 997 $aUNINA